000 00571nam a22002057a 4500
003 OSt
005 20160105141752.0
008 130621t xxu||||| |||| 00| 0 eng d
020 _a1876659475
050 _aQH 315
_b.W397 2001
082 _aIB 574
_bW41 2001
100 _aWeem, Minka Peeters
245 _aBiology :
_cMinka Peeters Weem.
_bfor use with international baccalaureate diploma programme
250 _a2nd ed.
260 _aVictoria :
_bIBID Press,
_cc2001.
300 _avi, 494 p. ;
_c25 cm.
562 _e1
942 _2lcc
_cBK
999 _c2960
_d2960